Southville International School and Colleges
Your cart is empty.
  • Cart
  • Lists
    Public lists Eva Luna New books Lux_list list_1
    Your lists Log in to create your own lists
  • Log in to your account
  • Your cookies
  • Search history
Southville International School and Colleges
  • Advanced search
  • Recent comments
  • Most popular
  • Libraries

Log in to your account

Log in with GOOGLE


If you do not have an external account, but do have a local account, you can still log in:

  1. Home
  2. MARC view: Objective :
Normal view MARC view ISBD view

Objective : (Record no. 11873)

[ view plain ]
MARC details
000 -LEADER
fixed length control field 01101cam a22003493a 4500
001 - CONTROL NUMBER
control field 16416832
003 - CONTROL NUMBER IDENTIFIER
control field PILC
005 - DATE AND TIME OF LATEST TRANSACTION
control field 20160114124227.0
008 - FIXED-LENGTH DATA ELEMENTS--GENERAL INFORMATION
fixed length control field 960516s1996 nyu 000 1 eng c
010 ## - LIBRARY OF CONGRESS CONTROL NUMBER
LC control number 97811137
015 ## - NATIONAL BIBLIOGRAPHY NUMBER
National bibliography number GBA3-47584
020 ## - INTERNATIONAL STANDARD BOOK NUMBER
International Standard Book Number 0671568116
035 ## - SYSTEM CONTROL NUMBER
System control number (OCoLC)ocm34743104
040 ## - CATALOGING SOURCE
Original cataloging agency CLE
Transcribing agency CLE
Modifying agency UKM
-- DLC
042 ## - AUTHENTICATION CODE
Authentication code pcc
050 00 - LIBRARY OF CONGRESS CALL NUMBER
Classification number PZ 7
Item number .P374 1996
082 04 - DEWEY DECIMAL CLASSIFICATION NUMBER
Classification number FIC
Item number P34st 1996
100 1# - MAIN ENTRY--PERSONAL NAME
Personal name Peel, John,
Dates associated with a name 1954-
9 (RLIN) 21239
245 10 - TITLE STATEMENT
Title Objective :
Statement of responsibility, etc John Peel
Remainder of title bajor
260 ## - PUBLICATION, DISTRIBUTION, ETC. (IMPRINT)
Place of publication, distribution, etc New York :
Name of publisher, distributor, etc Pocket Books,
Date of publication, distribution, etc 1996.
300 ## - PHYSICAL DESCRIPTION
Extent 278 p. :
Dimensions 18 cm.
490 1# - SERIES STATEMENT
Series statement Star trek, deep space nine ;
Volume number/sequential designation #15
650 #0 - SUBJECT ADDED ENTRY--TOPICAL TERM
Topical term or geographic name as entry element Star Trek fiction.
9 (RLIN) 19712
655 #7 - INDEX TERM--GENRE/FORM
Genre/form data or focus term Radio and television novels.
Source of term gsafd
9 (RLIN) 3967
655 #7 - INDEX TERM--GENRE/FORM
Genre/form data or focus term Science fiction.
Source of term gsafd
9 (RLIN) 1889
710 2# - ADDED ENTRY--CORPORATE NAME
Corporate name or jurisdiction name as entry element Copyright Paperback Collection (Library of Congress)
Institution to which field applies DLC
9 (RLIN) 705
730 0# - ADDED ENTRY--UNIFORM TITLE
Uniform title Star trek, Deep Space Nine (Television program)
9 (RLIN) 20133
830 #0 - SERIES ADDED ENTRY--UNIFORM TITLE
Uniform title Star trek, deep space nine (Series) ;
Volume number/sequential designation #15.
9 (RLIN) 21240
906 ## - LOCAL DATA ELEMENT F, LDF (RLIN)
a 7
b cbc
c copycat
d 2
e ncip
f 19
g y-genrareb
942 ## - ADDED ENTRY ELEMENTS (KOHA)
Source of classification or shelving scheme Library of Congress Classification
Koha item type Books
Holdings
Withdrawn status Lost status Source of classification or shelving scheme Damaged status Home library Current library Shelving location Date acquired Total Checkouts Full call number Barcode Date last seen Date checked out Copy number Price effective from Koha item type
    Library of Congress Classification   Luxembourg Library Luxembourg Library Fiction Section 09/21/2013 1 PZ 7 .P374 1996 5040 08/16/2018 08/08/2018 1 09/21/2013 Books

Objective :

APA

Peel J., Copyright Paperback Collection (Library of Congress), . (1996). Objective. New York: Pocket Books.

Chicago

Peel John, Copyright Paperback Collection (Library of Congress), . 1996. Objective. New York: Pocket Books.

Harvard

Peel J., Copyright Paperback Collection (Library of Congress), . (1996). Objective. New York: Pocket Books.

MLA

Peel John, Copyright Paperback Collection (Library of Congress), . Objective. New York: Pocket Books. 1996.

  • Place hold
  • Print
  • Cite
  • Add to your cart (remove)
  • Save record
    BIBTEX Dublin Core MARCXML MARC (non-Unicode/MARC-8) MARC (Unicode/UTF-8) MARC (Unicode/UTF-8, Standard) MODS (XML) RIS
  • More searches
    Search for this title in:
    Other Libraries (WorldCat) Other Databases (Google Scholar) Online Stores (Bookfinder.com) Open Library (openlibrary.org)

Exporting to Dublin Core...

SOUTHVILLE LIBRARY

Southville International School and Colleges Library

1281 Tropical Ave. Cor. Luxembourg St., BF Homes International, Las Pinas City

Tel. No. 8256374 / 252358 Loc. 117/146

Powered by Koha